| 000 | 01071naa a22002897u 4500 | ||
|---|---|---|---|
| 001 | 04093 | ||
| 003 | HDC | ||
| 007 | cr cn ---aaaaa | ||
| 008 | 210114p2007 sz ||||| |||| 00| 0 eng d | ||
| 040 | _aHDC | ||
| 100 |
_aBarraclough, Simon _eauthor _94166 |
||
| 245 | 0 |
_aHealth imperatives in foreign policy: the case of Malaysia / by _cSimon Barraclough and Kai-Lit Phua |
|
| 260 |
_aSwitzerland : _bWorld Health Organization, _c2007 |
||
| 300 | _a1 online resource (5 pages) | ||
| 336 |
_atext _2rdacontent |
||
| 337 |
_acomputer _2rdamedia |
||
| 338 |
_aonline resource _2rdacarrier |
||
| 500 | _aExtract From: Bulletin of the World Health Organization | March 2007, 85 (3) | ||
| 650 |
_aforeign policy _94168 |
||
| 650 |
_aHealth imperatives _94167 |
||
| 650 |
_aHealth _zMalaysia _94169 |
||
| 700 |
_aKai-Lit, Phua _eauthor _94170 |
||
| 856 | _zRequest full-text at [email protected] | ||
| 942 | _2lcc | ||
| 942 | _cAR | ||
| 942 | _kEMAG 000066 | ||
| 999 |
_c1418 _d1418 |
||